00308 a2200097 4500001001000000005001700010008004100027245006300068100002400131773005500155ART_1783320260410161700.0260409a 10aApertura financiera, paridad móvil y tipo de cambio real1 aCalvo, Guillermo A.0 tEnsayos Económicosg- Nº 16 (dic. 1980)wREV620